The noble scholar, jurist, historian


 His Excellency Dr. Abdul Wahhab bin Ibrahim Abu Sulaiman, may Allah have mercy on him.


 He was born in Umm Al-Qura in the year 1356 AH.

الإعلام بمن في تاريخ الهند من الأعلام، المسمى، بنزهة الخواطر وبهجة المسامع والنواظر / (Record no. 5502)

MARC details
000 -LEADER
fixed length control field 01210cam a2200277 ia4500
003 - CONTROL NUMBER IDENTIFIER
control field SA-RiAUC
005 - DATE AND TIME OF LATEST TRANSACTION
control field 20250203064619.0
008 - FIXED-LENGTH DATA ELEMENTS--GENERAL INFORMATION
fixed length control field 250203s1991 ii g 000 0cara c
020 ## - INTERNATIONAL STANDARD BOOK NUMBER
International Standard Book Number 60010
040 ## - CATALOGING SOURCE
Original cataloging agency KAPL
Language of cataloging ara
Transcribing agency SA-RiAUC
Description conventions rda
043 ## - GEOGRAPHIC AREA CODE
Geographic area code a-ii---
082 04 - DEWEY DECIMAL CLASSIFICATION NUMBER
Classification number 920.054
Assigning agency SA-RiAUC
090 ## - LOCALLY ASSIGNED LC-TYPE CALL NUMBER (OCLC); LOCAL CALL NUMBER (RLIN)
Classification number (OCLC) (R) ; Classification number, CALL (RLIN) (NR) 920.054
Local cutter number (OCLC) ; Book number/undivided call number, CALL (RLIN) ش ر ي
100 1# - MAIN ENTRY--PERSONAL NAME
Personal name الشريف عبد الحي، عبد الحي بن فخر الدين بن عبد العلي،
Dates associated with a name 1286-1341 هجري
Relator term مؤلف.
245 12 - TITLE STATEMENT
Title الإعلام بمن في تاريخ الهند من الأعلام، المسمى، بنزهة الخواطر وبهجة المسامع والنواظر /
Statement of responsibility, etc. الشريف عبد الحي بن فخر الدين الحسني.
246 33 - VARYING FORM OF TITLE
Title proper/short title نزهة الخواطر وبهجة المسامع والنواظر
264 #1 - PRODUCTION, PUBLICATION, DISTRIBUTION, MANUFACTURE, AND COPYRIGHT NOTICE
Place of production, publication, distribution, manufacture لكناو، الهند :
Name of producer, publisher, distributor, manufacturer مؤسسة الصحافة والنشر،
Date of production, publication, distribution, manufacture, or copyright notice 1991
300 ## - PHYSICAL DESCRIPTION
Extent 8 مجلد ؛
Dimensions 26 سم
336 ## - CONTENT TYPE
Content type term نص
Content type code txt
Source rdacontent
Materials specified كتاب
337 ## - MEDIA TYPE
Media type term بدون وسيط
Media type code n
Source rdamedia
338 ## - CARRIER TYPE
Carrier type term مجلد
Carrier type code nc
Source rdacarrier
651 #7 - SUBJECT ADDED ENTRY--GEOGRAPHIC NAME
Geographic name الهند
Form subdivision تراجم
Source of heading or term aucsh
651 #7 - SUBJECT ADDED ENTRY--GEOGRAPHIC NAME
Geographic name الهند
General subdivision تاريخ
Source of heading or term aucsh
942 ## - ADDED ENTRY ELEMENTS (KOHA)
Source of classification or shelving scheme Dewey Decimal Classification
Koha item type Books
949 ## - LOCAL PROCESSING INFORMATION (OCLC)
a SA-JeALM
d 250203
u khaled123
n 1
Holdings
Withdrawn status Lost status Source of classification or shelving scheme Materials specified (bound volume or other part) Damaged status Not for loan Home library Current library Date acquired Total checkouts Full call number Barcode Date last seen Price effective from Koha item type
    Dewey Decimal Classification الجزء الأول     DR AbdElwahab Library DR AbdElwahab Library 02/03/2025   920.054 ش ر ي 000009072 02/03/2025 02/03/2025 Books
    Dewey Decimal Classification الجزء الثاني     DR AbdElwahab Library DR AbdElwahab Library 02/03/2025   920.054 ش ر ي 000009073 02/03/2025 02/03/2025 Books
    Dewey Decimal Classification الجزء الثالث     DR AbdElwahab Library DR AbdElwahab Library 02/03/2025   920.054 ش ر ي 000009074 02/03/2025 02/03/2025 Books
    Dewey Decimal Classification الجزء الرابع     DR AbdElwahab Library DR AbdElwahab Library 02/03/2025   920.054 ش ر ي 000009075 02/03/2025 02/03/2025 Books
    Dewey Decimal Classification الجزء الخامس     DR AbdElwahab Library DR AbdElwahab Library 02/03/2025   920.054 ش ر ي 000009076 02/03/2025 02/03/2025 Books
    Dewey Decimal Classification الجزء السادس     DR AbdElwahab Library DR AbdElwahab Library 02/03/2025   920.054 ش ر ي 000009077 02/03/2025 02/03/2025 Books
    Dewey Decimal Classification الجزء السابع     DR AbdElwahab Library DR AbdElwahab Library 02/03/2025   920.054 ش ر ي 000009078 02/03/2025 02/03/2025 Books
    Dewey Decimal Classification الجزء الثامن     DR AbdElwahab Library DR AbdElwahab Library 02/03/2025   920.054 ش ر ي 000009079 02/03/2025 02/03/2025 Books